00560nam a2200133Ia 4500008004100000100002400041245010400065245010200169260005300271260001800324300000800342650001500350856006100365170221s9999 xx 000 0 und d aTatiana N. Knyazeva aPsychological Conditions for the Acceptance of Religious Education by a New Generation of Russians  cTatiana N. Knyazeva, Lidiya E. Semenova, Anna V. Chevachina, Marina B. Batyuta, Elena V. Sidorina bInternational Review of Management and Marketing cDecember 2013 a5:2 xMarketing. uhttp://www.econjournals.com/index.php/irmm/issue/view/71